[Event "LSS BI-2009-P-00008"]
[Site "LSS email"]
[Date "2009.04.19"]
[Round "?"]
[White "Zielinski, Sergej"]
[Black "Troncoso, Daniel"]
[Result "1-0"]
[WhiteElo "2102"]
[BlackElo "800"]
[PlyCount "29"]
[EventDate "2009.04.20"]
[EventType "tourn (corr)"]
[EventRounds "10"]
[EventCountry "GER"]
[SourceTitle "Corr 2015"]
[Source "ChessBase"]
[SourceDate "2015.07.17"]
[SourceVersion "1"]
[SourceVersionDate "2015.07.17"]
[SourceQuality "1"]

1. e4 c5 2. Nf3 d6 3. d4 cxd4 4. Nxd4 Nf6 5. Nc3 g6 6. Be2 Bg7 7. Be3 Nc6 8. 0-0 0-0 9. Nb3 a6 10. f4 b5 11. Bf3 Bb7 12. e5 dxe5 13. fxe5 Nd7 14. e6 fxe6 15. Bg4 1-0

[Event "LSS OP-2009-0-00810"]
[Site "LSS email"]
[Date "2009.04.13"]
[Round "?"]
[White "Brouwer, Mariska Angela"]
[Black "Troncoso, Daniel"]
[Result "1-0"]
[WhiteElo "1235"]
[BlackElo "800"]
[PlyCount "39"]
[EventDate "2009.04.04"]
[EventType "tourn (corr)"]
[EventRounds "4"]
[EventCountry "GER"]
[SourceTitle "Corr 2011"]
[Source "ChessBase"]
[SourceDate "2010.08.31"]
[SourceVersion "1"]
[SourceVersionDate "2010.08.31"]
[SourceQuality "1"]

1. d4 Nf6 2. Bf4 g6 3. Nf3 Bg7 4. e3 d6 5. Nc3 0-0 6. Bc4 Nbd7 7. 0-0 c5 8. a4 h6 9. a5 Nh5 10. Bg3 Nxg3 11. fxg3 Kh7 12. a6 bxa6 13. Qd3 Rb8 14. b3 cxd4 15. exd4 e5 16. Qd2 f5 17. Kh1 e4 18. Ng1 Nf6 19. Nge2 d5 20. Bxa6 1-0

[Event "LSS SN-2009-0-00147"]
[Site "LSS email"]
[Date "2009.04.13"]
[Round "?"]
[White "Troncoso, Daniel"]
[Black "Pehl, Ferenc"]
[Result "1-0"]
[WhiteElo "800"]
[BlackElo "826"]
[PlyCount "35"]
[EventDate "2009.03.26"]
[EventType "tourn (corr)"]
[EventRounds "6"]
[EventCountry "GER"]
[SourceTitle "Corr 2011"]
[Source "ChessBase"]
[SourceDate "2010.08.31"]
[SourceVersion "1"]
[SourceVersionDate "2010.08.31"]
[SourceQuality "1"]

1. d4 d5 2. c4 e6 3. Nc3 a6 4. Nf3 Nc6 5. e3 Nf6 6. Bd3 dxc4 7. Bxc4 Be7 8. 0-0 0-0 9. a3 Nd5 10. Qc2 Nxc3 11. bxc3 h6 12. e4 Re8 13. Bf4 Bd6 14. e5 Be7 15. Qe4 f5 16. Qxf5 Rf8 17. Qe4 Rf5 18. Qxf5 1-0